00517nam a22001577a 4500020001500000041000800015082001200023100001700035245008500052260004700137300000800184650001300192942000700205952013000212999001700342 a8178210231 aeng a230 THO aTHomas, M.M. aIn the Beginning God: Genesis 1-12:4: Contextual Theological Bible Commentary: 1 aTiruvallabChrisrtava Sahitya Samitic2003 a130 aTheology cBK 001040708NFICaHMIbHMIcGENd2022-06-24eDr. Andreas D'Souza collectionl0o230 THOp11002978r2022-06-24w2022-06-24yBK c23269d23269